000 00797nam a2200229 a 4500
005 20230920063549.0
008 030813s2002 mx r 000 0 spa d
020 _a9707020482
035 _aUPN01000127855
049 _aCG
050 4 _aQA75
_bP3.2
100 1 _aPantoja Gil, Gloria María
245 1 0 _aAritmética fácil con el uso de la calculadora /
_cGloria María Pantoja Gil.
260 _aMéxico :
_bUPN, Dirección de Difusión y Extensión Universitaria,
_c2002.
300 _a122 p.
440 0 _aCuadernos de actualización ;
_v15
590 _a(También localizas un ejemplar en el "Area de Reserva")
590 _aBibliografía Básica (BGTQ)
650 4 _aMáquinas calculadoras
_94487
650 4 _aAritmética
_xEstudio y enseñanza (Elemental)
_95289
905 _aLibro
999 _c100034
_d100034